Los convenios colectivos extraestatutarios, eficacia, articulación con los convenios estatutarios e incidencia sobre el deber de negociación (Registro nro. 26109)
[ vista simple ]
| 000 -CABECERA | |
|---|---|
| Longitud fija campo de control | 01115naa a2200277 c 4500 |
| 001 - NÚMERO DE CONTROL | |
| Número de control | 26109 |
| 003 - IDENTIFICADOR DE NÚMERO DE CONTROL | |
| Identificador del número de control | ES-MaCES |
| 005 - FECHA Y HORA DE LA ÚLTIMA TRANSACCIÓN | |
| Fecha y hora de la última transacción | 19981124115100.0 |
| 008 - CAMPO FIJO DE DESCRIPCIÓN FIJA--INFORMACIÓN GENERAL | |
| Códigos de información de longitud fija | 931223n1987 sp ||| | spa d |
| 035 ## - NÚMERO DE CONTROL DEL SISTEMA | |
| Número de control del sistema | CES19980000426v |
| 040 ## - FUENTE DE CATALOGACIÓN | |
| Centro catalogador de origen | ES-MaCES |
| Lengua de catalogación | spa |
| Centro transcriptor | ES-MaCES |
| 100 1# - ENCABEZAMIENTO PRINCIPAL--NOMBRE PERSONAL | |
| Nombre de persona | Camps Ruiz, Luis Miguel |
| 9 (RLIN) | 8856 |
| 245 14 - MENCIÓN DE TÍTULO | |
| Título | Los convenios colectivos extraestatutarios, eficacia, articulación con los convenios estatutarios e incidencia sobre el deber de negociación |
| Resto del título | : (a propósito de la STCT de 6 de noviembre de 1986) |
| Mención de responsabilidad, etc. | Luis Miguel Camps Ruiz, Tomás Sala Franco |
| 650 #4 - ASIENTO SECUNDARIO DE MATERIA--TÉRMINO DE MATERIA | |
| Término de materia o nombre geográfico como elemento inicial | comentario |
| 9 (RLIN) | 28971 |
| 650 #4 - ASIENTO SECUNDARIO DE MATERIA--TÉRMINO DE MATERIA | |
| Término de materia o nombre geográfico como elemento inicial | sentencia judicial |
| 9 (RLIN) | 29888 |
| 650 #4 - ASIENTO SECUNDARIO DE MATERIA--TÉRMINO DE MATERIA | |
| Término de materia o nombre geográfico como elemento inicial | España |
| 9 (RLIN) | 26964 |
| 650 #4 - ASIENTO SECUNDARIO DE MATERIA--TÉRMINO DE MATERIA | |
| Término de materia o nombre geográfico como elemento inicial | negociación colectiva |
| 9 (RLIN) | 28362 |
| 650 #4 - ASIENTO SECUNDARIO DE MATERIA--TÉRMINO DE MATERIA | |
| Término de materia o nombre geográfico como elemento inicial | convenio colectivo |
| 9 (RLIN) | 28361 |
| 650 #4 - ASIENTO SECUNDARIO DE MATERIA--TÉRMINO DE MATERIA | |
| Término de materia o nombre geográfico como elemento inicial | extensión del convenio colectivo |
| 9 (RLIN) | 30041 |
| 653 10 - TÉRMINO DE INDEXACIÓN--NO CONTROLADO | |
| Término no controlado | Relaciones laborales-Empleo |
| 700 1# - ENCABEZAMIENTO SECUNDARIO--NOMBRE PERSONAL | |
| Nombre de persona | Sala Franco, Tomás |
| 9 (RLIN) | 23048 |
| 773 0# - ENTRADA DE DOCUMENTO FUENTE | |
| Título | Documentación laboral |
| Parte(s) relacionada(s) | Madrid. - N. 21 (en.-abr. 1987) ; p. 127-146 |
| Número de control del registro relacionado | (ES-MaCES)25160 |
| 902 ## - CES. TIPO DE DOCUMENTO | |
| Tipodoc (006$c Sirtex) | ART Artículo de revista |
| 942 ## - ELEMENTOS KOHA | |
| Fuente de clasificaión o esquema | Clasificación propia del CES |
| Koha [por defecto] tipo de item | Artículos (1982-2017) |
| Parte de clasificación | 2.0. |
No hay ítems disponibles.
